00441nam a2200121Ia 4500008004100000024006000041082002200101100008200123245003000205260002500235600002100260650003800281250506s9999 xx 000 0 und d a99B-BCS5-03, 99B-BCS5-05, 99B-BCS5-15 & 99B-BCS5-38 a005.337324072 SYE aSyed Zohair Asghar Rizvi, Mohammad Imran Khan, Sohail Ahmed & Umar Saeed Khan 0aSchool Information System aKarachi:bUIT,c1999 aComputer Science aBachelor of Computer Science (BS)